Team of the Tournament - Europei 2020 - Statistics

Statistiche generali
  • Questo quiz è stato fatto 68 volte
  • Il punteggio medio è 8 su 11
Statistiche sulle risposte
Ruolo Nazione Calciatore % Corretto
Portiere Italia Gianluigi Donnarumma
100%
Attaccante Belgio Romelu Lukaku
95%
Difensore Italia Leonardo Bonucci
93%
Difensore Italia Leonardo Spinazzola
84%
Attaccante Italia Federico Chiesa
83%
Difensore Inghilterra Harry Maguire
79%
Centrocampista Italia Jorginho
78%
Centrocampista Spagna Pedri
55%
Difensore Inghilterra Kyle Walker
50%
Attaccante Inghilterra Raheem Sterling
48%
Centrocampista Danimarca Pierre-Emile Højbjerg
10%
Nessun quiz corrispondente trovato
Distribuzione punteggi
Percentuale di utenti per punteggio
Percentile per numero di risposta
I tuoi punteggi nel tempo
Non hai fatto questo quiz